| 000 | 00468cam a2200193 4500 | ||
|---|---|---|---|
| 001 | D2024 | ||
| 008 | 090401t1983 xxu||||| |||| 00| 0 eng d | ||
| 035 | _a(Sirsi) u67125 | ||
| 041 | _aeng | ||
| 050 | _a693.832 | ||
| 100 | _aBurberry, Peter | ||
| 245 | _aPractical thermal design in buildings | ||
| 260 |
_aLondon _bBatsford _c1983 |
||
| 300 | _a191p. illus. 25cm | ||
| 350 | _a22.5 | ||
| 490 | _aMitchell`s Building Books | ||
| 942 | _n0 | ||
| 948 | _c04/03/1997 | ||
| 999 |
_c94970 _d94970 |
||